[Event "Wch Seniors 08th"]
[Site "Grieskirchen"]
[Date "1998.11.12"]
[Round "4"]
[White "Droubine, German"]
[Black "Ziltener, Werner"]
[Result "1-0"]
[WhiteElo "1905"]
[BlackElo "1934"]
[PlyCount "55"]
[EventDate "1998.11.08"]
[EventType "swiss"]
[EventRounds "11"]
[EventCountry "AUT"]
[SourceTitle "CBM 067 Extra"]
[Source "ChessBase"]
[SourceDate "1999.01.01"]
[SourceVersion "1"]
[SourceVersionDate "1999.01.01"]
[SourceQuality "1"]

1. e4 c5 2. d4 cxd4 3. c3 dxc3 4. Nxc3 Nc6 5. Nf3 a6 6. Bc4 e6 7. 0-0 Nge7 8. Bf4 Ng6 9. Bg3 d6 10. Qe2 Bd7 11. Rac1 Be7 12. Rfd1 Nge5 13. Nxe5 dxe5 14. f4 Bc5+ 15. Kh1 Bd4 16. Qh5 Qf6 17. Rf1 Qg6 18. Qf3 exf4 19. Bxf4 Ne5 20. Qd1 Bxc3 21. Rxc3 Nxc4 22. Rxc4 Bb5 23. Rc7 Rd8 24. Bd6 Bxf1 25. Qxf1 f6 26. e5 f5 27. Rxb7 Rd7 28. Qc1 1-0